|
|
|
|
| LEADER |
00000nam0a2200000 4500 |
| 001 |
359196 |
| 005 |
20231102011152.0 |
| 035 |
|
|
|a (RuTPU)RU\TPU\retro\16468
|
| 035 |
|
|
|a RU\TPU\book\77944
|
| 090 |
|
|
|a 359196
|
| 100 |
|
|
|a 20200925d1974 m y0rusy50 ca
|
| 101 |
0 |
|
|a rus
|
| 102 |
|
|
|a RU
|
| 105 |
|
|
|a a z 000zy
|
| 200 |
1 |
|
|a Внутридомовые газовые сети и оборудование
|f В. А. Багдасаров
|
| 205 |
|
|
|a 2-е изд., доп. и перераб.
|
| 210 |
|
|
|a Ленинград
|c Недра
|d 1974
|
| 215 |
|
|
|a 152 с.
|c ил.
|
| 225 |
1 |
|
|a Библиотека мастера газового хозяйства
|
| 606 |
1 |
|
|a Жилые здания
|x Газоснабжение
|2 stltpush
|3 (RuTPU)RU\TPU\subj\11012
|9 37999
|
| 606 |
1 |
|
|a Жилые помещения
|x Оборудование
|2 stltpush
|3 (RuTPU)RU\TPU\subj\11115
|9 38100
|
| 610 |
1 |
|
|a жилые здания
|
| 610 |
1 |
|
|a газ
|
| 610 |
1 |
|
|a газовое хозяйство
|
| 610 |
1 |
|
|a газовое оборудование
|
| 610 |
1 |
|
|a дымовые сети
|
| 610 |
1 |
|
|a материалы
|
| 610 |
1 |
|
|a инструменты
|
| 610 |
1 |
|
|a текущий ремонт
|
| 610 |
1 |
|
|a капитальный ремонт
|
| 610 |
1 |
|
|a инструкции
|
| 675 |
|
|
|a 696.2
|v 3
|
| 675 |
|
|
|a 643
|v 3
|
| 700 |
|
1 |
|a Багдасаров
|b В. А.
|g Виктор Арташесович
|
| 801 |
|
1 |
|a RU
|b 63413507
|c 20050209
|g PSBO
|
| 801 |
|
2 |
|a RU
|b 63413507
|c 20200925
|g PSBO
|
| 942 |
|
|
|c BK
|